Statistics for Capitals of US 'N' States

Click here to take the quiz!

General Stats

  • This quiz has been taken 29 times
  • The average score is 7 of 8

Answer Stats

StateCapital% Correct
NevadaCarson City
97%
New JerseyTrenton
97%
New YorkAlbany
97%
North CarolinaRaleigh
97%
NebraskaLincoln
93%
New MexicoSanta Fe
93%
New HampshireConcord
86%
North DakotaBismarck
86%

Score Distribution

Percentile by Number Answered

Percent of People with Each Score

Your Score History

You have not taken this quiz